| 000 | 01469cam a22003854i 4500 | ||
|---|---|---|---|
| 003 | PE-LiUPU | ||
| 005 | 20250731183415.0 | ||
| 008 | 150623s r 000 0 d | ||
| 020 | _a0201059584 | ||
| 035 | _a(Sirsi) i9780201059588 | ||
| 040 |
_aPE-LiUPU _bspa _cPE-LiUPU _erda |
||
| 049 | _aPRUA | ||
| 082 | 0 | 4 |
_a793.73 _bG83 _221 |
| 100 | 1 |
_aGrosswirth, Marvin, _d1931-, _eautor. |
|
| 245 | 1 | 4 |
_aThe mensa genius quiz book 2 / _cMarvin Grosswirth. |
| 264 | 1 |
_aReading, Massachusetts : _bAddison Wesley Publishing Company, _c1983. |
|
| 300 |
_a145 páginas : _bilustraciones, gráficos ; _c21 centímetros |
||
| 336 |
_atext _2rdacontent |
||
| 337 |
_aunmediated _2rdamedia |
||
| 338 |
_avolume _2rdacarrier |
||
| 505 | 0 | _aThis thing called mensa. -How to take a test-any test. -Trivia. -Vocabulary. -Logic, reasoning, and mathematics. -Analogies. -Culture. | |
| 526 | _aP158 | ||
| 526 | _aP146 | ||
| 526 | _aP17 | ||
| 526 | _aP12 | ||
| 526 | _aP06 | ||
| 650 | 0 | 4 | _aPasatiempos. |
| 650 | 0 | 4 | _aRompecabezas. |
| 942 |
_2ddc _cBOOK |
||
| 949 |
_a793.73 G83 _wDEWEY _c1 _i51485 _lCCODEBUL1 _mBUL _p7.00 _r0 _sY _tBOOK _u2015-6-24 _xTEOLOGIA _PP35 _0COMPRA _o.STAFF. Colección General |
||
| 994 |
_aC0 _bPEPRU |
||
| 596 | _a1 | ||
| 999 |
_a793.73 G83 _wDEWEY _c33209 _i51485 _f2021-11-9 _g5 _lCCODEBUL1 _mBUL _p7.00 _r0 _sY _tBOOK _u2015-6-24 _xEDUCACION _PP35 _0COMPRA _o.STAFF. Colección General _d33209 |
||
| 980 |
_81 _gALBERTO SANCHEZ Responsable de Automatización |
||